000 00353 a2200169 4500
001 47807
020 _a978850814367-2
040 _cAnchieta - Aquarius
100 _aIacocca, Liliana
240 1 0 _aSsssssss
_lpor
245 1 0 _aSsssssss
300 _a15
362 0 _a2010
440 1 _aÁtica
650 4 _aLiteratura infanto-juvenil
942 _cBK
999 _c47807
_d47807